MDQL
is popping MORE tags! Check the
thread
!
Quizzes
Events
Quiz Creation
Community
Videos
Private Events
Remove Ads
Sign In
Join for FREE
Feedback
Dark Mode
Quiz Categories
Sports
Geography
Music
Movies
Television
Just For Fun
Miscellaneous
History
Literature
Language
Science
Gaming
Entertainment
Religion
Holiday
For Kids
Quiz Lab
Recent
Popular Today
Quiz Kudos Today
Editor Picks
Curator Picks
Quizzes by...
Day
Popularity
Type
Ratings
Length
Year
Community
Subscriptions
Recent Discussions
Orange Saloon
Badges
Playlists
Quests
Create
Leaderboards
Showdown
Live 5
Trivia Bingo
Activity
Puzzle Library
Sporcle Events
Private Events
Virtual Trivia
Globe League
Become a Host
Pub Owners
SporcleCon
Opinionation
Our Games
Videos
Blog
Mobile Apps
Partnerships
Remove Ads and Go Orange
Feedback
Movies
Disney
Marvel Cinematic Universe
Movie Resume
Movie Titles
Oscar
Actor
Actress
Director
Pixar
Role
Movie Quotes
Movie Characters
Box Office
Nominee
Best Picture
Star Wars
James Bond
Horror Movies
Movies
Disney
Marvel Cinematic Universe
Movie Resume
Movie Titles
Oscar
Actor
Actress
Director
Pixar
Role
Movie Quotes
Movie Characters
Box Office
Nominee
Best Picture
Star Wars
James Bond
Horror Movies
Random Quiz
Search Sporcle
×
Quiz Lab
Quiz Lab
Movies
Movie Titles
Click on regions of an image
Click on regions of an image
Picture Click
Best Score? Go Orange.
Movies by Funko Pop! Figures Stats
Can you pick the movie based on Funko Pop Figure?
By
Nietos
2m
20 Questions
2,833 Plays
2,833 Plays
2,833 Plays
Comments
Comments
Give Quiz Kudos
Give Quiz Kudos
-
- Ratings
hide this ad
Forced Order
Answers have to be entered in order
Answers have to be entered in order
Replay
Link that replays current quiz
Next Quiz
Link to next quiz in quiz playlist
You Got
0%
They Got
Avg Score
81%
Avg Friend Score
Upgrade to see
Score Distribution
Jump to the score distribution portion of the page
Score
0/20
Timer
02:00
0
Plays Today
% Correct
The Wizard of Oz
94.8%
Ghostbusters
93.5%
Back to the Future
93.2%
John Wick: Chapter 2
89.5%
The Godfather
88.1%
The Goonies
84.3%
The Rocky Horror Picture Show
83.8%
A Clockwork Orange
82.3%
E.T. the Extra-Terrestrial
81.1%
The Karate Kid
80.6%
% Correct
Kingsman: The Secret Service
79.2%
Labyrinth
78.5%
Blade Runner 2049
76.8%
Bill & Ted's Excellent Adventure
76.8%
Kill Bill: Vol. 1
76.5%
The Fifth Element
76.3%
Dr. No
74.8%
Clueless
73.1%
The Hateful Eight
72.1%
The Breakfast Club
71.6%
Quiz Playlist
Details
Report
Send in Message
Add To Playlist
Picture Click:
Click on regions of an image
Forced Order:
Answers have to be entered in order
Last Updated: Nov 12, 2018
Quiz Scoreboard
CHALLENGE
Sign Up to Join the Scoreboard
Show All
Scores
Hide
Comments
May contain spoilers
Recently Published
Colored Red Africa Blitz
by spor1
Geography
30s
Find the 'City' Movie
by crazypaving
Movies
60s
5x2 Blitz: Bands
by SL_Kpop136
Music
30s
More to Explore
Quiz From the Vault
Featured Blog Post
14 Easter Pick-up Lines to Find Eggs With
hide this ad
You Might Also Like...
Tags
Movie Characters Quiz
Movie Titles Quiz
Toys Quiz
Picture Click
Today's Top Quizzes in Movies
Browse Movies
hide this ad
Today's Top Quizzes in Movie Titles
Browse Movie Titles
Top Contributed Quizzes in Movies
1
Find The 'Big' Movie
2
Find The 'Wild' Movie
3
Find The 'Blue' Movie
4
Movies By Plot
5
Hidden Star Wars Character II
6
Hidden Star Wars Character III
7
Pick 5 Posters: Directed by Spielberg
8
Hidden Star Wars Character IV
9
Alfred Hitchcock Movies by Plot
10
Hidden Star Wars Character V
Explore More
Trending Topics
Harry Potter
Crossword
Disney
NBA
Marvel
Anime
Kpop
Soccer
The Office
NFL
WWE
Country
Song
Pokémon
Puzzle
hide this ad
More By:
Nietos
Quiz
Plays
Rating
Category
Featured
Created
Order Up: House Lannister
30
5.00
Literature
Mar 26, 2024
Order Up: House Tully
33
5.00
Literature
Mar 26, 2024
Order Up: House Baratheon
57
5.00
Literature
Mar 25, 2024
Order Up: House Stark
66
5.00
Literature
Mar 25, 2024
One Piece Characters by Funko Pop! Figures II
104
4.00
Entertainment
Mar 20, 2024
Go to Creator's Profile
Score Distribution
Quiz Creator Spotlight
Nietos
Follow
Send a Message
Quizzes Created
-
Created Quiz Play Count
-
More By This Creator
Popular Quizzes Today
1
Find the 'City' Movie
2
Colored Red Africa Blitz
3
Find the US States - No Outlines Minefield
4
5x2 Blitz: Bands
5
The Countries of the World
6
Find the US States
7
US States
8
9x9 Crossword: Cartoon Network
More Movies Quizzes
Find the Jurassic Park Vehicles
Quiz Lab
Trending Quizzes
Colored Red Europe Blitz I
Colored Red Africa Blitz II
Colored Red Europe Blitz II
Colored Red Africa Blitz III
Colored Red Europe Blitz III
Recently Updated
2024 March Madness Bracket
pecheneg
Famous TV Couples
Peacemaker
Champions League XIs: Real Madrid
pecheneg
Largest US Cities 1790-2010
pecheneg
Rides in Walt Disney World
pecheneg
Most Oscar Losses (Acting)
pecheneg
Beyoncé Albums
pecheneg
Leaping Animals
pecheneg
Reality TV Shows (A-Z)
bhenderson79
Rickey Henderson's Hall of Fame Teammates
pecheneg
Trending Topics
Kpop
Marvel
Disney
NBA
Anime
Crossword
Harry Potter
NFL
Country
Pokémon
Song
WWE
Soccer
The Office
Puzzle
Your Account Isn't Verified!
In order to create a playlist on Sporcle, you need to verify the email address you used during registration. Go to your
Sporcle Settings
to finish the process.
Report this User
Report this user for behavior that violates our
Community Guidelines
.
Details:
Send Report
Go to the Sporcle.com Mobile Site →
Comments